000 00585nam a2200241Ia 4500
005 20250425162353.0
008 250425s9999 xx 000 0 und d
020 _a0135897068
041 _aeng
082 _a624.15
100 _aCODUTO, DONALD P.
245 0 _aFOUNDATION DESIGN: PRINCIPLES AND PRACTICES
250 _a2ND ED.
260 _aEstados Unidos
_bPRENTICE HALL
_c2001
260 _aS.L.
300 _a883
650 _aCIMENTACIONES
650 _aDISEÑO ESTRUCTURAL
650 _aMECANICA DE SUELOS
650 _aZAPATA
942 _c01
010 _a66614
999 _c227867
_d227867